00856nam a22002415i 4500008004100000020003000041040001500071100002900086245008800115250002100203260003200224300005400256500002000310504004200330650003900372650003800411650004000449650002100489650003700510650004900547003000100596005001700597  a9781446282106 (paperback) aNUSTcNUST1 aDicken, Peter.,aauthor.10aGlobal shift :bmapping the changing contours of the world economy /cPeter Dicken. aSeventh edition. aLos Angeles :bSAGE,c2015. axxix, 618 pages :b colour illustrations ;c25cm. aIncludes index. aIncludes bibliographical references.  0aIndustriesxHistoryy20th century. 0aInternational economic relations. 0aInternational business enterprises. 0aEconomic policy. 0aGlobalizationxEconomic Aspects. 0aTechnological innovationsxEconomic aspects.20230123141216.0